[Event "21st European Teams Women"]
[Site "Hersonissos GRE"]
[Date "2017.10.28"]
[Round "1.5"]
[Board "4"]
[White "Motycakova, Monika"]
[Black "Michna, Marta"]
[Result "1/2-1/2"]
[WhiteTitle "WFM"]
[BlackTitle "WGM"]
[WhiteElo "2143"]
[BlackElo "2376"]
[WhiteTeam "Slovakia"]
[BlackTeam "Germany"]
[WhiteFideId "14909626"]
[BlackFideId "1106686"]
[EventDate "2017.10.28"]

1. e4 e6 2. d4 d5 3. Nd2 Nf6 4. e5 Nfd7 5. Bd3 c5 6. c3 Nc6 7. Ne2 a5 8. O-O
cxd4 9. cxd4 Nb6 10. f4 g6 11. Nf3 h5 12. a3 a4 13. Bc2 Bd7 14. Qd3 Ne7 15. Ng5
Rc8 16. Nc3 Nf5 17. Kh1 Be7 18. Rf3 Kf8 19. Qd1 Rc4 20. Bxf5 exf5 21. Be3 Kg7
22. Qe2 Be6 23. Rc1 Qd7 24. Bf2 Rhc8 25. Rd3 Na8 26. Bh4 Nc7 27. Rcd1 Rh8 28.
Qf2 Ne8 29. Nf3 Bd8 30. Bxd8 Qxd8 31. Ng5 Nc7 32. Na2 Qd7 33. Nb4 Rc8 34. Qh4
Ne8 35. h3 Kg8 36. Rg3 Ng7 37. Rgd3 Qb5 38. Kh2 Rc1 39. Nf3 R1c4 40. Qf6 Ne8 41.
Qg5 Kh7 42. Qe7 Kg8 43. Nh4 Ng7 44. Rg3 Qe8 45. Qg5 Qd8 46. Nf3 Qxg5 47. Nxg5 h4
48. Rf3 Nh5 49. Rff1 Kg7 50. Nf3 Nxf4 1/2-1/2

[Event "21st European Teams Women"]
[Site "Hersonissos GRE"]
[Date "2017.10.28"]
[Round "1.6"]
[Board "2"]
[White "Milliet, Sophie"]
[Black "Franciskovic, Borka"]
[Result "1-0"]
[WhiteTitle "IM"]
[BlackTitle "WIM"]
[WhiteElo "2377"]
[BlackElo "2242"]
[WhiteTeam "France"]
[BlackTeam "Croatia"]
[WhiteFideId "623725"]
[BlackFideId "14507943"]
[EventDate "2017.10.28"]

1. e4 c6 2. d4 d5 3. e5 Bf5 4. h4 Qb6 5. a4 a5 6. Ne2 e6 7. c3 h5 8. Ng3 Bg6 9.
Be2 c5 10. Na3 cxd4 11. cxd4 Nc6 12. Nb5 Bb4+ 13. Kf1 Nge7 14. Bd2 Nf5 15. Nxf5
Bxf5 16. Bxb4 axb4 17. Bxh5 Ke7 18. Be2 f6 19. g4 Bg6 20. Qd2 Rhf8 21. Kg1 fxe5
22. a5 Qd8 23. dxe5 Kd7 24. Qe3 Rxa5 25. Rxa5 Qxa5 26. Qc5 Re8 27. h5 Be4 28. f3
Bh7 29. h6 g5 30. Kf2 Qd8 31. Qd6+ Kc8 32. Na7+ Nxa7 33. Rc1+ Nc6 34. Rxc6+ bxc6
35. Ba6# 1-0

[Event "21st European Teams Women"]
[Site "Hersonissos GRE"]
[Date "2017.10.28"]
[Round "1.6"]
[Board "3"]
[White "Purgar, Ivona"]
[Black "Collas, Silvia"]
[Result "1/2-1/2"]
[WhiteTitle "WFM"]
[BlackTitle "IM"]
[WhiteElo "2200"]
[BlackElo "2288"]
[WhiteTeam "Croatia"]
[BlackTeam "France"]
[WhiteFideId "14514451"]
[BlackFideId "2902265"]
[EventDate "2017.10.28"]

1. e4 e5 2. Nf3 Nc6 3. Bb5 a6 4. Ba4 d6 5. c3 Bd7 6. O-O g6 7. d4 Bg7 8. h3 Nf6
9. d5 Ne7 10. Bc2 h6 11. Be3 Nh5 12. Re1 Qc8 13. Nh2 O-O 14. Nd2 Kh8 15. Ndf1
Qe8 16. Qd2 g5 17. h4 Nf4 18. hxg5 hxg5 19. g3 Bh6 20. Qd1 Rg8 21. Ng4 Rg6 22.
Nfh2 Qg8 23. c4 Qh7 24. f3 Nh5 25. Kf2 f5 26. exf5 Bxf5 27. Rh1 Rf8 28. Bxf5
Nxf5 29. Nf1 Nf6 30. Nxf6 Rfxf6 31. Kg2 Qf7 32. Qe2 Kg8 33. Bf2 g4 34. fxg4 Nd4
35. Bxd4 exd4 36. Rxh6 Rxh6 37. g5 d3 38. Qe3 Rxf1 39. Rxf1 Rh2+ 40. Kxh2 Qxf1
41. Qe6+ Qf7 42. Qe3 Qf1 43. Qe6+ Qf7 44. Qe3 Qf1 45. Qe6+ 1/2-1/2

[Event "21st European Teams Women"]
[Site "Hersonissos GRE"]
[Date "2017.10.28"]
[Round "1.6"]
[Board "4"]
[White "Guichard, Pauline"]
[Black "Berke, Ana"]
[Result "1-0"]
[WhiteTitle "WGM"]
[BlackTitle "WIM"]
[WhiteElo "2285"]
[BlackElo "2154"]
[WhiteTeam "France"]
[BlackTeam "Croatia"]
[WhiteFideId "639370"]
[BlackFideId "14510359"]
[EventDate "2017.10.28"]

1. Nf3 c5 2. c4 Nc6 3. d4 cxd4 4. Nxd4 Nf6 5. Nc3 d6 6. g3 e6 7. Bg2 Nxd4 8.
Qxd4 Be7 9. O-O O-O 10. Rd1 a6 11. Bg5 Qc7 12. Rac1 Rd8 13. Na4 h6 14. Qb6 Qxb6
15. Nxb6 Rb8 16. Bd2 Bd7 17. Ba5 Bc6 18. Rd3 Nd7 19. Rcd1 Nxb6 20. Bxb6 Rdc8 21.
e4 Be8 22. b3 Rc6 23. Ba7 Ra8 24. Be3 Rc7 25. e5 dxe5 26. Bb6 Rc6 27. Bxc6 Bxc6
28. h4 g6 29. Ba5 e4 30. R3d2 g5 31. h5 f5 32. Bc3 f4 33. Be5 e3 34. fxe3 fxe3
35. Rd3 Bf3 36. Re1 Bc5 37. b4 Bxb4 38. Rexe3 Bxh5 39. Bd4 Bg4 40. Bb6 Rc8 41.
Rd4 h5 42. Rb3 Bf8 43. Ba7 b5 44. cxb5 axb5 45. Rxb5 Rc1+ 46. Kf2 Rc2+ 47. Ke3
Rxa2 48. Rd7 Ra3+ 49. Kd2 Ra2+ 50. Kc1 Bf5 51. Rb8 Ra1+ 52. Kd2 Ra2+ 53. Kc3
Rc2+ 54. Kb3 Rc1 55. Bd4 Bc2+ 56. Ka2 1-0

[Event "21st European Teams Women"]
[Site "Hersonissos GRE"]
[Date "2017.10.28"]
[Round "1.7"]
[Board "1"]
[White "Hoang, Thanh Trang"]
[Black "Houska, Jovanka"]
[Result "1/2-1/2"]
[WhiteTitle "GM"]
[BlackTitle "IM"]
[WhiteElo "2438"]
[BlackElo "2393"]
[WhiteTeam "Hungary"]
[BlackTeam "England"]
[WhiteFideId "12400149"]
[BlackFideId "405094"]
[EventDate "2017.10.28"]

1. d4 d5 2. c4 e6 3. Nf3 Nf6 4. g3 Bb4+ 5. Bd2 Be7 6. Bg2 O-O 7. O-O Nbd7 8. Qc2
c6 9. Bf4 b6 10. Rd1 Ba6 11. Ne5 Rc8 12. Nc3 Nxe5 13. dxe5 Nd7 14. cxd5 cxd5 15.
e4 d4 16. Rxd4 Qc7 17. Rc1 Rfd8 18. h4 h6 19. h5 Bg5 20. Rcd1 Be7 21. Bf1 Bxf1
22. Kxf1 Nxe5 23. Rxd8+ Bxd8 24. Qa4 Bf6 25. Nb5 Qc2 26. Qxc2 Rxc2 27. Rd2 Rxd2
28. Bxd2 Nc4 29. Bc1 Nxb2 30. Nxa7 Na4 31. Nb5 Kf8 32. Ke2 Ke7 33. Be3 Kd7 34.
f4 e5 35. Kd3 Nb2+ 36. Kc2 Nc4 37. Bf2 Kc6 38. a4 g6 39. Kc3 Nd6 40. Nxd6 Kxd6
41. Kc4 Kc6 42. hxg6 fxg6 43. f5 gxf5 44. exf5 h5 45. Kd3 b5 46. a5 Kb7 47. Be1
Be7 48. Ke4 b4 49. Kxe5 b3 50. Bc3 h4 51. gxh4 Bxh4 52. Kd5 Bd8 53. Kc4 Bxa5 54.
f6 Bd8 55. f7 Be7 56. Kxb3 Kc6 57. Kc4 Kd6 58. Bb4+ 1/2-1/2

[Event "21st European Teams Women"]
[Site "Hersonissos GRE"]
[Date "2017.10.28"]
[Round "1.7"]
[Board "2"]
[White "Ciuksyte, Dagne"]
[Black "Lazarne Vajda, Szidonia"]
[Result "1/2-1/2"]
[WhiteTitle "IM"]
[BlackTitle "IM"]
[WhiteElo "2318"]
[BlackElo "2364"]
[WhiteTeam "England"]
[BlackTeam "Hungary"]
[WhiteFideId "12800619"]
[BlackFideId "723894"]
[EventDate "2017.10.28"]

1. e4 e5 2. Nf3 Nc6 3. Bb5 a6 4. Ba4 Nf6 5. O-O Nxe4 6. d4 b5 7. Bb3 d5 8. dxe5
Be6 9. c3 Be7 10. Nbd2 Nc5 11. Bc2 d4 12. Nb3 d3 13. Bb1 Nxb3 14. axb3 Bf5 15.
Be3 O-O 16. Bd4 Qd5 17. Bxd3 Bxd3 18. Qxd3 Qxb3 19. Qe4 Qe6 20. Rfd1 Rfd8 21.
Be3 Rxd1+ 22. Rxd1 Rd8 23. Rxd8+ Bxd8 24. h3 h6 25. Bc5 Bg5 26. Nd4 Qxe5 27.
Qxc6 Qe1+ 28. Kh2 Bf4+ 29. g3 Qxf2+ 30. Qg2 Bxg3+ 31. Kh1 Qe1+ 32. Qg1 Qe4+ 33.
Qg2 Qe1+ 34. Qg1 Qe4+ 35. Qg2 Qe1+ 36. Qg1 1/2-1/2

[Event "21st European Teams Women"]
[Site "Hersonissos GRE"]
[Date "2017.10.28"]
[Round "1.7"]
[Board "3"]
[White "Gara, Anita"]
[Black "Maroroa, Sue"]
[Result "1-0"]
[WhiteTitle "IM"]
[BlackTitle "WIM"]
[WhiteElo "2382"]
[BlackElo "2077"]
[WhiteTeam "Hungary"]
[BlackTeam "England"]
[WhiteFideId "709751"]
[BlackFideId "4301498"]
[EventDate "2017.10.28"]

1. e4 e5 2. Nf3 Nc6 3. Bc4 Bc5 4. O-O Nf6 5. d3 O-O 6. h3 a6 7. a4 h6 8. Re1 d6
9. c3 Ba7 10. Nbd2 Ne7 11. Nf1 Ng6 12. Ng3 c6 13. Ba2 Re8 14. d4 Qc7 15. Be3 Be6
16. Bxe6 fxe6 17. dxe5 dxe5 18. Bxa7 Rxa7 19. Qb3 Raa8 20. Rad1 b5 21. Rd2 Nf4
22. Red1 Kh7 23. Kh2 Rad8 24. Qa3 Ng6 25. axb5 cxb5 26. Rxd8 Rxd8 27. Rxd8 Qxd8
28. Qxa6 Qd3 29. Qxe6 Nxe4 30. Qxg6+ 1-0

[Event "21st European Teams Women"]
[Site "Hersonissos GRE"]
[Date "2017.10.28"]
[Round "1.7"]
[Board "4"]
[White "Kalaiyalahan, Akshaya"]
[Black "Gara, Ticia"]
[Result "0-1"]
[WhiteTitle "FM"]
[BlackTitle "WGM"]
[WhiteElo "2026"]
[BlackElo "2317"]
[WhiteTeam "England"]
[BlackTeam "Hungary"]
[WhiteFideId "422894"]
[BlackFideId "717444"]
[EventDate "2017.10.28"]

1. d4 Nf6 2. c4 g6 3. g3 Bg7 4. Bg2 O-O 5. Nc3 d6 6. Nf3 Nbd7 7. O-O e5 8. e4 c6
9. h3 Qb6 10. c5 dxc5 11. dxe5 Ne8 12. e6 fxe6 13. Ng5 Ne5 14. f4 Nf7 15. Nxf7
Bd4+ 16. Kh2 Rxf7 17. e5 Nc7 18. Ne4 Nd5 19. h4 Rg7 20. Qe2 Bd7 21. Nd6 Qc7 22.
Be4 Be8 23. Kg2 Rd8 24. Rb1 b5 25. Bd2 c4 26. Bf3 c5 27. Bg4 Qe7 28. Kh2 Bc6 29.
Ne4 h6 30. Bh3 Kh7 31. Bg2 Be8 32. Nd6 Rxd6 33. exd6 Qxd6 34. Be4 Nf6 35. Bf3 h5
36. Bc3 Bc6 37. Bxd4 Bxf3 38. Qxf3 cxd4 39. Kh1 Ng4 40. Rfe1 Ne3 41. Re2 Rd7 42.
Rbe1 b4 43. Rc1 c3 44. bxc3 bxc3 45. Rxe3 dxe3 46. Qxe3 Qc6+ 47. Kh2 Rd2+ 48.
Qxd2 cxd2 49. Rxc6 d1=Q 50. Rc7+ Kh6 51. Rxa7 Qe2+ 0-1

[Event "21st European Teams Women"]
[Site "Hersonissos GRE"]
[Date "2017.10.28"]
[Round "1.8"]
[Board "1"]
[White "Cornette, Deimante"]
[Black "Mammadzada, Gunay"]
[Result "1-0"]
[WhiteTitle "IM"]
[BlackTitle "WGM"]
[WhiteElo "2404"]
[BlackElo "2393"]
[WhiteTeam "Lithuania"]
[BlackTeam "Azerbaijan"]
[WhiteFideId "12802859"]
[BlackFideId "13403729"]
[EventDate "2017.10.28"]

1. e4 c5 2. Nf3 d6 3. d4 cxd4 4. Nxd4 Nf6 5. Nc3 a6 6. Be2 e5 7. Nf3 h6 8. Nd2
Be7 9. Nc4 Qc7 10. a4 Nbd7 11. Ne3 Nc5 12. f3 O-O 13. O-O Be6 14. Rf2 Rfc8 15.
Ncd5 Nxd5 16. Nxd5 Bxd5 17. Qxd5 Ne6 18. Be3 Bg5 19. Bxg5 hxg5 20. Bf1 Qb6 21.
c3 Rc5 22. Qd2 a5 23. g3 Rc6 24. Rd1 Rd8 25. Kg2 g6 26. Bb5 Rc7 27. b3 Kg7 28.
Bc4 Rcd7 29. Rb1 Nc5 30. Bb5 Rc7 31. Qxg5 Rh8 32. Qd2 Ne6 33. Rff1 Rh5 34. Bc4
Rc8 35. Rbd1 Rch8 36. Rh1 Rd8 37. Qf2 Nc5 38. Bd5 Qc7 39. g4 Rh7 40. f4 exf4 41.
Qxf4 Qe7 42. g5 Ne6 43. Bxe6 Qxe6 44. h4 Rhh8 45. c4 b6 46. Rd5 Rhe8 47. Re1 Kg8
48. Kg3 Qd7 49. Rh1 Re6 50. Rhd1 Qe7 51. R5d4 Kg7 52. Rf1 Rd7 53. Qg4 Rd8 54.
Rf4 Re8 55. Qf3 Rf8 56. Rf6 Rd8 57. Rxe6 Qxe6 58. Qf4 Rd7 59. Rd5 Kg8 60. Rd2
Kh7 61. Rd4 Kg8 62. Qf6 Qe8 63. Kf3 Qb8 64. Rd5 Qc8 65. Kf4 Qf8 66. Ke3 Qc8 67.
Kd2 Qe8 68. Kd3 Kh7 69. Rxd6 Re7 70. Rd4 Re6 71. Qd8 Qc6 72. Qd7 Qxd7 73. Rxd7
Kg7 74. Kd4 Kf8 75. e5 Ke8 76. Rd6 Ke7 77. Kd5 1-0

[Event "21st European Teams Women"]
[Site "Hersonissos GRE"]
[Date "2017.10.28"]
[Round "1.8"]
[Board "2"]
[White "Mamedjarova, Zeinab"]
[Black "Zaksaite, Salomeja"]
[Result "1-0"]
[WhiteTitle "WGM"]
[BlackTitle "WIM"]
[WhiteElo "2298"]
[BlackElo "2272"]
[WhiteTeam "Azerbaijan"]
[BlackTeam "Lithuania"]
[WhiteFideId "13401521"]
[BlackFideId "12801496"]
[EventDate "2017.10.28"]

1. d4 Nf6 2. Nf3 g6 3. e3 Bg7 4. Bd3 O-O 5. O-O d6 6. e4 Nbd7 7. Re1 e5 8. c3
Re8 9. Nbd2 exd4 10. Nxd4 Nc5 11. Bc2 Bg4 12. f3 Bd7 13. Nf1 a5 14. a4 Re7 15.
Bg5 Qe8 16. Ne3 Re5 17. f4 Rxe4 18. Bxe4 Nfxe4 19. Nd5 Qb8 20. Bh4 f5 21. Re3
Ne6 22. Ne7+ Kf7 23. Ndxf5 Qa7 24. Kh1 Nf6 25. Nd4 Re8 26. Bxf6 Bxf6 27. Nd5
Bxd4 28. cxd4 Bc6 29. Nc3 Qxd4 30. Qxd4 Nxd4 31. Rxe8 Bxe8 32. Kg1 c5 33. Kf2
Bc6 34. Rd1 Ke6 35. Re1+ Kd7 36. Re3 Ne6 37. g3 d5 38. Re1 d4 39. Ne4 Bxa4 40.
Nf6+ Kd6 41. Nxh7 c4 42. Nf6 b5 43. h4 Ke7 44. Ne4 Kf7 45. Ra1 Kg7 46. Kf3 Bc2
47. Nd6 Bd3 48. Rxa5 b4 49. Ra7+ Kf8 50. h5 gxh5 51. f5 Ng5+ 52. Kf4 Nf7 53.
Rxf7+ Kg8 54. f6 c3 55. Rg7+ Kf8 56. Rc7 Ba6 57. Ra7 Kg8 58. bxc3 dxc3 59. Rxa6
c2 60. Ra1 b3 61. Nc4 1-0

[Event "21st European Teams Women"]
[Site "Hersonissos GRE"]
[Date "2017.10.28"]
[Round "1.8"]
[Board "3"]
[White "Kiseleva, Simona"]
[Black "Mammadova, Gulnar"]
[Result "1/2-1/2"]
[WhiteTitle "WIM"]
[BlackTitle "IM"]
[WhiteElo "2241"]
[BlackElo "2385"]
[WhiteTeam "Lithuania"]
[BlackTeam "Azerbaijan"]
[WhiteFideId "12802506"]
[BlackFideId "13403508"]
[EventDate "2017.10.28"]

1. d4 d5 2. c4 c6 3. Nc3 Nf6 4. e3 g6 5. Nf3 Bg7 6. Be2 O-O 7. O-O a6 8. b3 Bg4
9. Bb2 e6 10. h3 Bxf3 11. Bxf3 Nbd7 12. Qe2 Rc8 13. Rfd1 Re8 14. Rac1 b5 15.
cxd5 cxd5 16. Rc2 Nb6 17. Rdc1 Qd7 18. Ba3 Bf8 19. Bxf8 Rxf8 20. Qd1 b4 21. Nb1
Rxc2 22. Rxc2 Rc8 23. Be2 a5 24. Qc1 Rxc2 25. Qxc2 Qc8 26. Qxc8+ Nxc8 27. f3 Kf8
28. a3 bxa3 29. Nxa3 Ke7 30. Nb5 Nb6 31. Nc3 Nfd7 32. g4 e5 33. Bd3 f6 34. h4
Nf8 35. Kf2 Ne6 36. Ne2 a4 37. bxa4 Nxa4 38. Bc2 Nb6 1/2-1/2

[Event "21st European Teams Women"]
[Site "Hersonissos GRE"]
[Date "2017.10.28"]
[Round "1.8"]
[Board "4"]
[White "Balajayeva, Khanim"]
[Black "Gailiunaite, Saule"]
[Result "1-0"]
[WhiteTitle "WFM"]
[WhiteElo "2319"]
[BlackElo "1838"]
[WhiteTeam "Azerbaijan"]
[BlackTeam "Lithuania"]
[WhiteFideId "13406396"]
[BlackFideId "12807737"]
[EventDate "2017.10.28"]

1. e4 c5 2. c3 d5 3. exd5 Qxd5 4. d4 Nc6 5. Nf3 Bf5 6. Be3 Nf6 7. Na3 cxd4 8.
Bc4 Qa5 9. Nxd4 Nxd4 10. Bxd4 e5 11. Bb5+ Bd7 12. Bxd7+ Nxd7 13. Nc4 Qd5 14. Qe2
f6 15. O-O Be7 16. Be3 O-O 17. Rfd1 Qe6 18. Rd2 Rac8 19. Rad1 Nc5 20. Nd6 Bxd6
21. Rxd6 Qxa2 22. Bxc5 Rxc5 23. Rd7 b6 24. Qg4 g6 25. Qh3 Rf7 26. Rxf7 Kxf7 27.
Qxh7+ Ke8 28. Qh8+ Ke7 29. Qd8+ Kf7 30. Rd7+ 1-0

[Event "21st European Teams Women"]
[Site "Hersonissos GRE"]
[Date "2017.10.28"]
[Round "1.9"]
[Board "1"]
[White "Bulmaga, Irina"]
[Black "Newrkla, Katharina"]
[Result "1-0"]
[WhiteTitle "IM"]
[BlackTitle "WIM"]
[WhiteElo "2423"]
[BlackElo "2170"]
[WhiteTeam "Romania"]
[BlackTeam "Austria"]
[WhiteFideId "13903063"]
[BlackFideId "1621629"]
[EventDate "2017.10.28"]

1. e4 c5 2. Nf3 d6 3. d4 cxd4 4. Nxd4 Nf6 5. Nc3 a6 6. f3 e5 7. Nb3 Be6 8. Be3
Be7 9. Qd2 O-O 10. O-O-O a5 11. Qe1 Qc8 12. a4 Nc6 13. Kb1 Nb4 14. g4 d5 15. g5
Ne8 16. exd5 Bf5 17. Rd2 Nd6 18. Qf2 Nc4 19. Bxc4 Qxc4 20. Nc1 Rfd8 21. Qe2 Qh4
22. Rg1 Rd7 23. Ne4 Bxe4 24. fxe4 Qxe4 25. Rg4 Qf5 26. h3 Rxd5 27. Rxd5 Nxd5 28.
Bd2 Bb4 29. Re4 Re8 30. Bxb4 Nxb4 31. h4 Nc6 32. Nd3 f6 33. Nc5 fxg5 34. Nxb7
Qe6 35. hxg5 Nd4 36. Qd3 Qd5 37. c3 Qxb7 38. cxd4 Rb8 39. Qe2 Rd8 40. Rxe5 Qh1+
41. Ka2 Qc6 42. Qb5 Qxb5 43. Rxb5 Rxd4 44. Rxa5 h5 45. gxh6 gxh6 46. Ka3 Kf7 47.
Rc5 Ke7 48. a5 Kd6 49. Rc2 Rd1 50. Kb4 h5 51. Kb5 h4 52. a6 h3 53. a7 Ra1 54.
Kb6 Ra4 55. Rd2+ Ke5 56. b3 Ra3 57. b4 1-0

[Event "21st European Teams Women"]
[Site "Hersonissos GRE"]
[Date "2017.10.28"]
[Round "1.9"]
[Board "2"]
[White "Teuschler, Barbara"]
[Black "Peptan, Corina-Isabela"]
[Result "0-1"]
[WhiteTitle "WFM"]
[BlackTitle "IM"]
[WhiteElo "2228"]
[BlackElo "2399"]
[WhiteTeam "Austria"]
[BlackTeam "Romania"]
[WhiteFideId "1602047"]
[BlackFideId "1201930"]
[EventDate "2017.10.28"]

1. e4 c5 2. Nf3 e6 3. d4 cxd4 4. Nxd4 a6 5. Nc3 Qc7 6. Bd3 Nc6 7. Nxc6 bxc6 8.
O-O Nf6 9. f4 d6 10. Kh1 Be7 11. Qf3 e5 12. fxe5 dxe5 13. b3 O-O 14. Bb2 a5 15.
a4 Be6 16. Nd1 Nd7 17. Ne3 Nc5 18. Bc4 Bxc4 19. Nxc4 f6 20. Rad1 Ra7 21. Qg4 Qc8
22. Qf3 Qe6 23. Qe2 Nb7 24. h3 Nd6 25. Nxd6 Bxd6 26. Qe3 Rb7 27. Rd3 Be7 28.
Rfd1 h6 29. Qe1 Ra8 30. Qe2 Kh7 31. Qh5 Rab8 32. Bc1 Bf8 33. Rg3 Qf7 34. Qg4 h5
35. Qf5+ g6 36. Qf1 Rb4 37. Rf3 Bg7 38. Bg5 Rf8 39. Bxf6 Bxf6 40. Rd6 Kg7 41.
Rdxf6 Qxf6 42. Rxf6 Rxf6 43. Qd3 Rd4 44. Qc3 h4 45. Qxa5 Rf1+ 46. Kh2 Rdd1 47.
Qxe5+ Kf7 48. Qc7+ Kg8 49. Qb8+ Kh7 50. Qa7+ Kh6 51. Qe3+ g5 52. g4 Rde1 53. Qd2
Rh1+ 54. Kg2 Reg1+ 0-1

[Event "21st European Teams Women"]
[Site "Hersonissos GRE"]
[Date "2017.10.28"]
[Round "1.9"]
[Board "3"]
[White "Cosma, Elena-Luminita"]
[Black "Exler, Veronika"]
[Result "1/2-1/2"]
[WhiteTitle "WGM"]
[BlackTitle "WIM"]
[WhiteElo "2333"]
[BlackElo "2118"]
[WhiteTeam "Romania"]
[BlackTeam "Austria"]
[WhiteFideId "1201590"]
[BlackFideId "1620550"]
[EventDate "2017.10.28"]

1. d4 d5 2. c4 e6 3. Nf3 Nf6 4. Nc3 Bb4 5. Qa4+ Nc6 6. e3 O-O 7. Qc2 dxc4 8.
Bxc4 e5 9. dxe5 Ng4 10. e6 Bxe6 11. Bxe6 fxe6 12. h3 Nge5 13. Nxe5 Nxe5 14. O-O
Nf3+ 15. Kh1 Qd6 16. gxf3 Bxc3 17. f4 Bf6 18. e4 Bd4 19. Be3 e5 20. f5 Qb6 21.
Rae1 Rad8 22. Rg1 Rd6 23. Rg3 Rfd8 24. Reg1 R8d7 25. Qc4+ Kf8 26. b3 Bxe3 27.
Rxe3 Qc6 28. Qe2 Qa6 29. Qh5 Rh6 30. Qg4 Qf6 31. Qe2 Qa6 32. Qg4 Qf6 33. Qe2 Qa6
34. Qg4 1/2-1/2

[Event "21st European Teams Women"]
[Site "Hersonissos GRE"]
[Date "2017.10.28"]
[Round "1.9"]
[Board "4"]
[White "Schnegg, Anna-Lena"]
[Black "L'Ami, Alina"]
[Result "1/2-1/2"]
[WhiteTitle "WFM"]
[BlackTitle "IM"]
[WhiteElo "2114"]
[BlackElo "2286"]
[WhiteTeam "Austria"]
[BlackTeam "Romania"]
[WhiteFideId "1625268"]
[BlackFideId "1210246"]
[EventDate "2017.10.28"]

1. e4 c5 2. Nf3 d6 3. d4 cxd4 4. Nxd4 Nf6 5. Nc3 a6 6. g3 e5 7. Nde2 Be7 8. Bg2
h5 9. Bg5 Nbd7 10. a4 Nf8 11. Qd2 N8h7 12. Be3 Ng4 13. Nd5 Nxe3 14. Nxe3 Be6 15.
h4 Nf6 16. Nc3 Rc8 17. Nf5 Bxf5 18. exf5 Qd7 19. Qd3 O-O 20. O-O b5 21. axb5
axb5 22. Nxb5 d5 23. Ra7 Qd8 24. Nc3 e4 25. Qd2 Bc5 26. Raa1 Re8 27. Kh1 Bb4 28.
Ra4 Bxc3 29. bxc3 Qd7 30. Qd4 Qxf5 31. c4 dxc4 32. Rxc4 Red8 33. Rxc8 Qxc8 34.
Qa4 g6 35. Kg1 Qg4 36. Qc6 Kg7 37. Qc3 Qe2 38. Re1 Rd1 39. Rxd1 Qxd1+ 40. Kh2
Qe2 41. Kg1 Qd1+ 42. Kh2 Qd5 43. Kg1 Qe6 44. Qd4 Kf8 45. c4 Ke7 46. c5 Qd7 1/2-1/2

[Event "21st European Teams Women"]
[Site "Hersonissos GRE"]
[Date "2017.10.28"]
[Round "1.10"]
[Board "1"]
[White "Georgescu, Lena"]
[Black "Atalik, Ekaterina"]
[Result "1/2-1/2"]
[WhiteTitle "WFM"]
[BlackTitle "IM"]
[WhiteElo "2130"]
[BlackElo "2468"]
[WhiteTeam "Switzerland"]
[BlackTeam "Turkey"]
[WhiteFideId "1331973"]
[BlackFideId "4130189"]
[EventDate "2017.10.28"]

1. e4 c5 2. Nf3 Nc6 3. Nc3 e5 4. Bc4 d6 5. d3 Be7 6. O-O Nf6 7. Ng5 O-O 8. f4 h6
9. Nf3 exf4 10. Bxf4 Na5 11. Qd2 Nxc4 12. dxc4 Be6 13. b3 a6 14. a4 Nh5 15. Be3
Bf6 16. Rad1 Qa5 17. Nd5 Qxd2 18. Rxd2 Bd8 19. Nf4 Nxf4 20. Bxf4 Ba5 21. Rdd1
Rfe8 22. Bxd6 Rac8 23. Ne5 Bc3 24. Nf3 Bg4 25. Rd3 Ba5 26. Re3 Rc6 27. Ne5 Rxd6
28. Nxg4 Rd2 29. Rf2 Rd4 30. Rg3 Kf8 31. Rgf3 f6 32. Ne3 Rexe4 33. Nf5 Rd1+ 34.
Rf1 Rd2 35. R3f2 Rd7 36. g3 Bc3 37. Rf4 Re6 38. Kg2 h5 39. R4f3 Be5 40. R3f2 Bc3
41. Rf3 Be5 42. R3f2 g6 43. Nh4 Kg7 44. Re2 Red6 45. Nf3 Bc3 46. Re3 Ba5 47. Rf2
Rd1 1/2-1/2

[Event "21st European Teams Women"]
[Site "Hersonissos GRE"]
[Date "2017.10.28"]
[Round "1.10"]
[Board "4"]
[White "Isgandarova, Khayala"]
[Black "Stoeri, Laura"]
[Result "1-0"]
[WhiteTitle "WIM"]
[BlackTitle "WFM"]
[WhiteElo "2242"]
[BlackElo "2150"]
[WhiteTeam "Turkey"]
[BlackTeam "Switzerland"]
[WhiteFideId "13401823"]
[BlackFideId "1304313"]
[EventDate "2017.10.28"]

1. e4 e5 2. Nf3 Nc6 3. Bb5 a6 4. Ba4 Nf6 5. O-O Be7 6. Re1 b5 7. Bb3 d6 8. c3
O-O 9. h3 Na5 10. Bc2 c5 11. d4 cxd4 12. cxd4 Nc6 13. Nc3 Re8 14. a4 b4 15. Nd5
Nxd5 16. exd5 Nxd4 17. Nxd4 exd4 18. Qxd4 Bf6 19. Rxe8+ Qxe8 20. Qxb4 Bd7 21.
Be3 a5 22. Qxd6 Bxb2 23. Rb1 Be5 24. Qa3 Rc8 25. Bc5 Bb8 26. Qe3 Qe5 27. Qxe5
Bxe5 28. Rb7 Be8 29. Re7 Bf6 30. Re2 Bd7 31. Bb6 Bc3 32. Re7 Be8 33. Bf5 Rb8 34.
Bc7 Ra8 35. d6 Kf8 36. Re3 Bd4 37. Re4 1-0

[Event "21st European Teams Women"]
[Site "Hersonissos GRE"]
[Date "2017.10.28"]
[Round "1.11"]
[Board "1"]
[White "Danielian, Elina"]
[Black "Makka, Ioulia"]
[Result "1-0"]
[WhiteTitle "GM"]
[BlackTitle "WIM"]
[WhiteElo "2415"]
[BlackElo "2182"]
[WhiteTeam "Armenia"]
[BlackTeam "Greece 2"]
[WhiteFideId "13300210"]
[BlackFideId "4205316"]
[EventDate "2017.10.28"]

1. Nf3 Nf6 2. c4 e6 3. Nc3 b6 4. g3 c5 5. Bg2 Bb7 6. O-O Be7 7. b3 O-O 8. Bb2 d6
9. d4 cxd4 10. Nxd4 Bxg2 11. Kxg2 a6 12. e3 Ra7 13. Rc1 d5 14. cxd5 Nxd5 15. Ne4
Rd7 16. Qf3 Nb4 17. Qg4 h5 18. Qxh5 Nd3 19. Rc2 Nxb2 20. Rxb2 Rd5 21. Qf3 b5 22.
Rc2 Qb6 23. h4 Re8 24. Rfc1 Ba3 25. Rc8 Rdd8 26. R1c7 f5 27. Qh5 Rf8 28. Ng5 1-0

[Event "21st European Teams Women"]
[Site "Hersonissos GRE"]
[Date "2017.10.28"]
[Round "1.11"]
[Board "2"]
[White "Makka, Evanthia"]
[Black "Mkrtchian, Lilit"]
[Result "1/2-1/2"]
[BlackTitle "IM"]
[WhiteElo "2095"]
[BlackElo "2390"]
[WhiteTeam "Greece 2"]
[BlackTeam "Armenia"]
[WhiteFideId "4207513"]
[BlackFideId "13300601"]
[EventDate "2017.10.28"]

1. Nf3 Nf6 2. g3 b6 3. Bg2 Bb7 4. O-O e6 5. d3 d5 6. c4 Be7 7. Nbd2 Nbd7 8. b3
O-O 9. Bb2 c5 10. e3 Re8 11. Qc2 Rc8 12. Rac1 Bf8 13. Qb1 e5 14. cxd5 Nxd5 15.
Nc4 f6 16. Nh4 b5 17. Nd2 Qb6 18. a3 Rcd8 19. Rfd1 Nc7 20. Ne4 Ne6 21. Bc3 Kh8
22. b4 Rc8 23. Qb2 Ba8 24. Qe2 cxb4 25. axb4 g6 26. Qb2 Bg7 27. Rc2 f5 28. Nd2
Bxg2 29. Nxg2 Nd4 30. Bxd4 exd4 31. e4 Rc3 32. Nf4 Rec8 33. Rcc1 Qc6 34. Ne2 Rc2
35. Qb1 Ne5 36. Rxc2 Qxc2 37. Qxc2 Rxc2 38. Nxd4 Rb2 39. N2b3 Ng4 40. exf5 Nxf2
41. Rc1 Nh3+ 42. Kh1 Nf2+ 43. Kg1 Nh3+ 44. Kh1 Nf2+ 1/2-1/2